Normal view
MARC view
Entry Topical Term
001 - CONTROL NUMBER
- control field: 1398
003 - CONTROL NUMBER IDENTIFIER
- control field: csc
005 - DATE AND TIME OF LATEST TRANSACTION
- control field: 20140507162056.0
008 - FIXED-LENGTH DATA ELEMENTS
- fixed length control field: 130522|| aca||aabn | a|a d
040 ## - CATALOGING SOURCE
- Original cataloging agency: csc
- Transcribing agency: csc
150 ## - HEADING--TOPICAL TERM
- Topical term or geographic name entry element: Criminals
- Geographic subdivision: Scotland
- Geographic subdivision: Edinburgh
- Form subdivision: Fiction.
670 ## - SOURCE DATA FOUND
- Source citation: Work cat.: (csc)275: Caimbeul, Tormod, 1942- 5222, Shrapnel /, c2006.